|
|
|
|
| LEADER |
00800nab a2200205 i 4500 |
| 001 |
acta35982 |
| 005 |
20250702142115.0 |
| 008 |
161017s2015 hu o 000 hun d |
| 024 |
7 |
|
|a http://dx.doi.org/10.14232/belv.2015.4.15
|2 doi
|
| 040 |
|
|
|a SZTE Egyetemi Kiadványok Repozitórium
|b hun
|
| 041 |
|
|
|a hun
|
| 100 |
1 |
|
|a Lénárt András
|
| 245 |
1 |
0 |
|a Átmenetek Diktatúrából a demokráciába
|h [elektronikus dokumentum] :
|b konferenciabeszámoló /
|c Lénárt András
|
| 260 |
|
|
|a Belvedere Meridionale
|b Szeged
|c 2015
|
| 300 |
|
|
|a 169-171
|
| 490 |
0 |
|
|a Belvedere Meridionale
|v 27 No. 4
|
| 650 |
|
4 |
|a Bölcsészettudományok
|
| 650 |
|
4 |
|a Történettudomány és régészet
|
| 695 |
|
|
|a Történetfilozófia
|
| 856 |
4 |
0 |
|u http://acta.bibl.u-szeged.hu/35982/1/belvedere_2015_004_169-171.pdf
|z Dokumentum-elérés
|